000 00689nam a2200229Ia 4500
003 OSt
005 20221007064843.0
006 a|||||r|||| 00| 0
007 ta
008 221006b |||||||| |||| 00| 0 eng d
024 _a12,178
037 _cReference Collections
040 _aFLL
_cFLL
_beng
041 _2eng
_aeng
082 _aV2:2.N47-L57, M3
100 _aChar S.V.Desika Ed.
_9686396
245 0 _aReadings in the constitutional history of ndia1757-1947
260 _aDelhi
_bOxford university press India
_c1983
300 _axcii,789p
_ccm.
942 _hV2:2.N47-L57, M3
_cREF
_2CC
999 _c1135556
_d1135556